Sổ tay nhiệt luyện. Tập 2

Gorde:
Xehetasun bibliografikoak
Egile nagusia: Nguyễn Chung Cảng
Formatua: Liburua
Hizkuntza:Vietnamese
Argitaratua: Khoa học Kỹ Thuật 2007
Gaiak:
Etiketak: Etiketa erantsi
Etiketarik gabe, Izan zaitez lehena erregistro honi etiketa jartzen!
Thư viện lưu trữ: Mạng thư viện Đại học Đà Nẵng
LEADER 00978nam a2200313 a 4500
001 000003310
003 02724
005 20171229145311.0
008 171229s2007 vie
040 |a LSK 
041 0 |a VIE 
082 0 |a 669  |b NG-C 
100 1 |a Nguyễn Chung Cảng 
245 0 0 |a Sổ tay nhiệt luyện. Tập 2 
260 |b Khoa học Kỹ Thuật  |c 2007 
300 |a 559 pages  |c 27 cm. 
653 |a Nhiệt luyện - Sổ tay 
852 |a Phòng Đọc - Phòng Mượn 
901 |a 7 
927 |a Sách tham khảo 
OWN |a LSK 
AVA |a UDN50  |b LSK  |d 669 NG-C  |e available  |t Error 5001 Not defined in file expand_doc_bib_avail.  |f 7  |g 0  |h N  |i 0  |k 1 
999 |a From the UDN01 
AVA |a UDN50  |b LSK  |d 669 NG-C  |e available  |t Error 5001 Not defined in file expand_doc_bib_avail.  |f 7  |g 0  |h N  |i 0  |k 1 
TYP |a Monograph 
TYP |a Printed language 
980 |a Mạng thư viện Đại học Đà Nẵng